[Event "BCF-chT3E 2224 (4NCL)"]
[Site "England"]
[Date "2024.05.04"]
[Round "9.65"]
[White "MacLannan, Richard"]
[Black "Skulte, Christopher"]
[Result "1/2-1/2"]
[WhiteElo "1764"]
[BlackElo "2016"]
[PlyCount "76"]
[EventDate "2023.11.11"]
[EventType "team-tourn"]
[EventRounds "11"]
[EventCountry "ENG"]
[SourceTitle "EXT 2025"]
[Source "ChessBase"]
[SourceDate "2024.10.14"]
[SourceVersion "1"]
[SourceVersionDate "2024.10.14"]
[SourceQuality "1"]
[WhiteTeam "Wotton Hall"]
[BlackTeam "Celtic Tigers II"]
[WhiteTeamCountry "ENG"]
[BlackTeamCountry "ENG"]

1. e4 c5 2. Nf3 e6 3. d4 cxd4 4. c3 Nf6 5. e5 Nd5 6. cxd4 d6 7. Nc3 Nc6 8. Bd3 Nxc3 9. bxc3 dxe5 10. 0-0 exd4 11. cxd4 Be7 12. Qe2 0-0 13. Rd1 Bd7 14. Bd2 Bf6 15. Qe4 g6 16. Rac1 Bg7 17. g4 a5 18. a3 Bc8 19. Rc4 Qd5 20. Be3 Qxe4 21. Bxe4 e5 22. d5 f5 23. dxc6 fxe4 24. cxb7 Bxb7 25. Ng5 Rac8 26. Rdc1 Rfd8 27. Rc7 Rxc7 28. Rxc7 Bd5 29. Bb6 Rb8 30. Rc5 Bb3 31. Bxa5 Bd1 32. Nxe4 Bxg4 33. Kg2 Rb3 34. Rc3 Rb7 35. Rd3 h6 36. Bb4 Bf5 37. Rd8+ Kh7 38. Nd6 Rd7 1/2-1/2

[Event "BCF-chT 2324 (4NCL)"]
[Site "England"]
[Date "2024.02.11"]
[Round "6.5"]
[White "Josse, Mark"]
[Black "Skulte, Christopher"]
[Result "1-0"]
[WhiteElo "2152"]
[BlackElo "2037"]
[PlyCount "73"]
[EventDate "2023.11.11"]
[EventType "team-tourn"]
[EventRounds "11"]
[EventCountry "ENG"]
[SourceTitle "CBM 219 Extra"]
[Source "ChessBase"]
[SourceDate "2024.05.31"]
[SourceVersion "1"]
[SourceVersionDate "2024.05.31"]
[SourceQuality "1"]
[WhiteTeam "Barnet Knights"]
[BlackTeam "Celtic Tigers"]
[WhiteTeamCountry "ENG"]
[BlackTeamCountry "ENG"]

1. Nf3 Nf6 2. b3 c5 3. Bb2 d5 4. e3 Bf5 5. d4 Nc6 6. Be2 e6 7. 0-0 cxd4 8. Nxd4 Bg6 9. c4 Bb4 10. a3 Ba5 11. cxd5 Qxd5 12. b4 Bc7 13. Nb5 Bb8 14. Qxd5 exd5 15. Nd2 a6 16. Nd4 Ne5 17. N4f3 Nfd7 18. Nxe5 Bxe5 19. Bxe5 Nxe5 20. Rac1 Nc6 21. Nb3 Ke7 22. Rfd1 Rhd8 23. Nc5 Ne5 24. Nxb7 Rd7 25. Nc5 Rd6 26. f4 Nd7 27. Nxd7 Kxd7 28. Bf3 Re8 29. Kf2 Be4 30. Rc5 Bxf3 31. Kxf3 Ke6 32. g4 g5 33. f5+ Ke5 34. e4 Red8 35. Ke3 h5 36. gxh5 g4 37. Rcxd5+ 1-0

[Event "BCF-chT3E 2224 (4NCL)"]
[Site "England"]
[Date "2023.11.12"]
[Round "2.61"]
[White "Gill, Oliver"]
[Black "Skulte, Christopher"]
[Result "1-0"]
[WhiteElo "2261"]
[BlackElo "2053"]
[PlyCount "39"]
[EventDate "2023.11.11"]
[EventType "team-tourn"]
[EventRounds "11"]
[EventCountry "ENG"]
[SourceTitle "CBM 217 Extra"]
[Source "ChessBase"]
[SourceDate "2024.01.31"]
[SourceVersion "1"]
[SourceVersionDate "2024.01.31"]
[SourceQuality "1"]
[WhiteTeam "Wessex"]
[BlackTeam "Celtic Tigers II"]
[WhiteTeamCountry "ENG"]
[BlackTeamCountry "ENG"]

1. e4 e5 2. Nf3 Nf6 3. d4 Nxe4 4. Bd3 d5 5. Nxe5 Nd7 6. Nxd7 Bxd7 7. 0-0 Bd6 8. c4 0-0 9. Qc2 f5 10. Nc3 c6 11. cxd5 cxd5 12. Nxd5 Bc6 13. Nf4 Bxf4 14. Bxf4 Qxd4 15. Qc4+ Qd5 16. Rfd1 Rad8 17. f3 Nc5 18. Bf1 Qxc4 19. Bxc4+ Kh8 20. Bd6 1-0

[Event "BCF-chT4 2223 (4NCL)"]
[Site "England"]
[Date "2023.01.07"]
[Round "3.62"]
[White "Skulte, Christopher"]
[Black "Shek, Daniel"]
[Result "0-1"]
[WhiteElo "2080"]
[BlackElo "1608"]
[PlyCount "117"]
[EventDate "2022.11.05"]
[EventType "team-swiss"]
[EventRounds "11"]
[EventCountry "ENG"]
[SourceTitle "EXT 2024"]
[Source "ChessBase"]
[SourceDate "2023.10.10"]
[SourceVersion "1"]
[SourceVersionDate "2023.10.10"]
[SourceQuality "1"]
[WhiteTeam "Celtic Tigers II"]
[BlackTeam "Crowthorne II"]
[WhiteTeamCountry "ENG"]
[BlackTeamCountry "ENG"]

1. e4 c5 2. Nf3 d6 3. Nc3 Nf6 4. e5 dxe5 5. Nxe5 Bd7 6. Be2 Nc6 7. Nc4 Nd4 8. a4 e6 9. b3 Be7 10. Bb2 0-0 11. 0-0 Qc7 12. Bd3 Bc6 13. Re1 Qf4 14. h3 Nf3+ 15. Kf1 Nxe1 16. Qxe1 Qh2 17. f3 Nh5 18. Qe5 Qxe5 19. Nxe5 Rac8 20. Nxc6 Rxc6 21. Bb5 Rc7 22. Bc4 Bf6 23. Re1 Rd7 24. d3 Bd4 25. g4 Nf4 26. h4 Nd5 27. Nd1 Bxb2 28. Nxb2 a6 29. a5 Rfd8 30. Na4 Kf8 31. Nxc5 Rc7 32. d4 Ke7 33. Kf2 h6 34. Re5 Nf6 35. c3 Nd7 36. Nxd7 Rdxd7 37. f4 Rd6 38. h5 Rc8 39. Ke3 Kd7 40. Kd2 Re8 41. Re1 f6 42. Kc2 Re7 43. Bd3 Rd5 44. Bc4 Rd6 45. Bd3 Re8 46. Be4 Rc8 47. d5 Rxd5 48. Bxd5 exd5 49. Kd3 Rc5 50. Ra1 Kd6 51. Kd4 Rc8 52. Re1 Rc7 53. f5 Kd7 54. Re3 Kd6 55. Re6+ Kd7 56. Rb6 Ke7 57. Kxd5 Rxc3 58. Rxb7+ Kf8 59. b4 0-1

[Event "Hammersmith CC op"]
[Site "London"]
[Date "2022.06.05"]
[Round "4"]
[White "Skulte, Christopher"]
[Black "Neenan, Henry"]
[Result "1/2-1/2"]
[WhiteElo "2142"]
[BlackElo "1890"]
[PlyCount "52"]
[EventDate "2022.06.04"]
[EventType "swiss"]
[EventRounds "6"]
[EventCountry "ENG"]
[SourceTitle "CBM 208 Extra"]
[Source "ChessBase"]
[SourceDate "2022.07.31"]
[SourceVersion "1"]
[SourceVersionDate "2022.07.31"]
[SourceQuality "1"]

1. e4 c6 2. d4 d5 3. Nd2 dxe4 4. Nxe4 Bf5 5. Ng3 Bg6 6. Nh3 e6 7. Nf4 Bd6 8. h4 Qc7 9. Nxg6 hxg6 10. Ne4 Be7 11. g3 Nf6 12. Bg2 Nxe4 13. Bxe4 Nd7 14. c3 Nf6 15. Bf3 Bd6 16. Qc2 Nd5 17. Bg5 a5 18. 0-0-0 Be7 19. Bd2 a4 20. a3 0-0 21. Rde1 b5 22. h5 g5 23. Bxd5 cxd5 24. Kb1 Rfc8 25. h6 g6 26. Rxe6 Kh7 1/2-1/2

[Event "BCF-chT 2122 (4NCL)"]
[Site "England"]
[Date "2021.11.28"]
[Round "2.84"]
[White "Skulte, Christopher"]
[Black "McPhillips, Karl"]
[Result "1-0"]
[WhiteElo "2067"]
[BlackElo "2223"]
[PlyCount "129"]
[EventDate "2021.11.27"]
[EventType "team-swiss"]
[EventRounds "11"]
[EventCountry "ENG"]
[SourceTitle "EXT 2023"]
[Source "ChessBase"]
[SourceDate "2022.10.05"]
[SourceVersion "1"]
[SourceVersionDate "2022.10.05"]
[SourceQuality "1"]
[WhiteTeam "Celtic Tigers"]
[BlackTeam "Gonzaga"]
[WhiteTeamCountry "ENG"]
[BlackTeamCountry "ENG"]

1. e4 c5 2. Nf3 Nc6 3. Nc3 g6 4. d4 cxd4 5. Nxd4 Bg7 6. Be3 Nf6 7. Nxc6 bxc6 8. e5 Ng8 9. Bd4 f6 10. f4 Qc7 11. exf6 Nxf6 12. f5 gxf5 13. Bxf6 Bxf6 14. Qh5+ Kd8 15. Qxf5 Qe5+ 16. Qxe5 Bxe5 17. 0-0-0 Rb8 18. Rd3 d6 19. h3 Kc7 20. Rf3 Be6 21. Be2 h5 22. g3 Kd7 23. b3 Rbg8 24. Ne4 Bd5 25. Bd3 Bxe4 26. Bxe4 Bxg3 27. Rf5 Rg7 28. Rhf1 d5 29. Bf3 h4 30. Bg4 Kd6 31. c4 Rh6 32. Rf8 e5 33. Rd8+ Kc5 34. cxd5 cxd5 35. Kb2 Bf4 36. b4+ Kc6 37. Rf2 d4 38. Rc2+ Kb6 39. a4 e4 40. a5+ Kb5 41. Rxd4 Rxg4 42. hxg4 h3 43. Rc5+ Ka6 44. Rd1 h2 45. Rh1 e3 46. Rc2 Rh3 47. Re2 Kb5 48. Kc3 Rh7 49. Kd4 Kxb4 50. Ke4 Bg3 51. Kxe3 Kxa5 52. Rb2 Re7+ 53. Kd3 Rd7+ 54. Kc4 Rc7+ 55. Kd5 Rd7+ 56. Ke4 Re7+ 57. Kf3 Re1 58. Rxe1 Bxe1 59. Rxh2 Kb4 60. Ke2 Bc3 61. g5 a5 62. Kd3 Be5 63. Rh7 Kb3 64. Rb7+ Ka3 65. Rb5 1-0

[Event "BCF-chT 2122 (4NCL)"]
[Site "England"]
[Date "2021.11.27"]
[Round "1.86"]
[White "Stimpson, Philip M"]
[Black "Skulte, Christopher"]
[Result "1/2-1/2"]
[WhiteElo "1956"]
[BlackElo "2067"]
[PlyCount "26"]
[EventDate "2021.11.27"]
[EventType "team-swiss"]
[EventRounds "11"]
[EventCountry "ENG"]
[SourceTitle "EXT 2023"]
[Source "ChessBase"]
[SourceDate "2022.10.05"]
[SourceVersion "1"]
[SourceVersionDate "2022.10.05"]
[SourceQuality "1"]
[WhiteTeam "Guildford Castles"]
[BlackTeam "Celtic Tigers"]
[WhiteTeamCountry "ENG"]
[BlackTeamCountry "ENG"]

1. d4 d5 2. Nc3 Nf6 3. Bf4 c5 4. e4 e6 5. e5 Nfd7 6. Nb5 cxd4 7. Nxd4 Nc6 8. Ngf3 Qb6 9. c3 Qxb2 10. Nb5 Bc5 11. Be2 0-0 12. Rb1 Qxa2 13. Ra1 Qb2 1/2-1/2

[Event "BCF-chTa 1920 (4NCL)"]
[Site "Daventry"]
[Date "2020.03.01"]
[Round "2.38"]
[White "Zhu, Yaoyao"]
[Black "Skulte, Christopher"]
[Result "0-1"]
[WhiteElo "1869"]
[BlackElo "2030"]
[PlyCount "66"]
[EventDate "2019.11.09"]
[EventType "team-tourn"]
[EventRounds "11"]
[EventCountry "ENG"]
[SourceTitle "CBM 195 Extra"]
[Source "ChessBase"]
[SourceDate "2020.05.31"]
[SourceVersion "1"]
[SourceVersionDate "2020.05.31"]
[SourceQuality "1"]
[WhiteTeam "3CS Oldham"]
[BlackTeam "Celtic Tigers"]
[WhiteTeamCountry "ENG"]
[BlackTeamCountry "ENG"]

1. e4 c5 2. Nf3 e6 3. g3 Nc6 4. Bg2 d5 5. exd5 exd5 6. d4 Nf6 7. 0-0 cxd4 8. Nxd4 Be7 9. c3 0-0 10. h3 Qb6 11. Nxc6 bxc6 12. Qb3 Bf5 13. Bf4 Rfe8 14. Nd2 Bf8 15. Rfe1 Qa6 16. Nf3 Bc5 17. Nd4 Bd7 18. Qc2 Qb6 19. Nb3 Bf8 20. Rad1 a5 21. Be5 a4 22. Nd4 Ne4 23. Bxe4 dxe4 24. Rxe4 c5 25. Rh4 g6 26. Nf3 Bc6 27. Qe2 Bg7 28. Re4 Bxe4 29. Qxe4 Bxe5 30. Nxe5 Qe6 31. f4 f6 32. Qb7 fxe5 33. Rd7 exf4 0-1

[Event "BCF-chTa 1920 (4NCL)"]
[Site "Daventry"]
[Date "2020.02.08"]
[Round "5.42"]
[White "Skulte, Christopher"]
[Black "Palliser, Richard"]
[Result "0-1"]
[WhiteElo "2033"]
[BlackElo "2399"]
[PlyCount "88"]
[EventDate "2019.11.09"]
[EventType "team-tourn"]
[EventRounds "11"]
[EventCountry "ENG"]
[SourceTitle "CBM 194 Extra"]
[Source "ChessBase"]
[SourceDate "2020.03.31"]
[SourceVersion "1"]
[SourceVersionDate "2020.03.31"]
[SourceQuality "1"]
[WhiteTeam "Celtic Tigers"]
[BlackTeam "White Rose"]
[WhiteTeamCountry "ENG"]
[BlackTeamCountry "ENG"]

1. e4 g6 2. d4 Bg7 3. Be3 d6 4. Nc3 a6 5. Qd2 b5 6. a4 b4 7. Nd5 a5 8. c3 c6 9. Nf4 bxc3 10. bxc3 Nf6 11. f3 0-0 12. Nd3 Nbd7 13. Bh6 Bxh6 14. Qxh6 e5 15. Ne2 Ba6 16. Qd2 Bxd3 17. Qxd3 d5 18. g3 exd4 19. cxd4 dxe4 20. fxe4 Nc5 21. Qc2 Ncxe4 22. Bg2 Re8 23. 0-0 Rc8 24. Rf4 Nd6 25. Bh3 Rc7 26. Rc1 Nd5 27. Rf3 Nb4 28. Qd2 Ne4 29. Qh6 Ng5 30. Rf2 Nd3 31. Rcf1 Nxf2 32. Rxf2 Nxh3+ 33. Qxh3 Rce7 34. Nf4 Qxd4 35. Qh4 Re1+ 36. Kg2 Qe4+ 37. Kh3 Qf5+ 38. Kg2 g5 39. Qh5 Qe4+ 40. Kh3 gxf4 41. Rxf4 Qe6+ 42. Rg4+ Kh8 43. Qg5 Qe5 44. Qh6 Rg8 0-1

[Event "BCF-chTa 1920 (4NCL)"]
[Site "Daventry"]
[Date "2020.01.12"]
[Round "4.33"]
[White "McClement, Andrew"]
[Black "Skulte, Christopher"]
[Result "1/2-1/2"]
[WhiteElo "2215"]
[BlackElo "2033"]
[PlyCount "58"]
[EventDate "2019.11.09"]
[EventType "team-tourn"]
[EventRounds "11"]
[EventCountry "ENG"]
[SourceTitle "CBM 194 Extra"]
[Source "ChessBase"]
[SourceDate "2020.03.31"]
[SourceVersion "1"]
[SourceVersionDate "2020.03.31"]
[SourceQuality "1"]
[WhiteTeam "Cambridge University"]
[BlackTeam "Celtic Tigers"]
[WhiteTeamCountry "ENG"]
[BlackTeamCountry "ENG"]

1. e4 e6 2. d3 d5 3. Qe2 Be7 4. g3 c5 5. Bg2 Nc6 6. Nf3 Nf6 7. 0-0 0-0 8. e5 Nd7 9. h4 b5 10. Bf4 a5 11. Nbd2 b4 12. c4 bxc3 13. bxc3 Ba6 14. c4 Nb6 15. Rfc1 Rb8 16. Nb3 a4 17. cxd5 axb3 18. axb3 Nb4 19. d6 Bxd3 20. Qd2 N6d5 21. Rxc5 Nxf4 22. Qxf4 Bxd6 23. exd6 Rb6 24. d7 Qxd7 25. Rc7 Qd6 26. Qxd6 Rxd6 27. Ne5 Bg6 28. Bf3 Nd5 29. Rb7 Nf6 1/2-1/2

[Event "BCF-chTb 1819 (4NCL)"]
[Site "Daventry"]
[Date "2019.03.16"]
[Round "7.64"]
[White "Skulte, Christopher"]
[Black "Thorfinnsson, Bjorn"]
[Result "1-0"]
[WhiteElo "1993"]
[BlackElo "2400"]
[PlyCount "85"]
[EventDate "2018.11.10"]
[EventType "team-tourn"]
[EventRounds "11"]
[EventCountry "ENG"]
[SourceTitle "CBM 189 Extra"]
[Source "ChessBase"]
[SourceDate "2019.05.31"]
[SourceVersion "1"]
[SourceVersionDate "2019.05.31"]
[SourceQuality "1"]
[WhiteTeam "Celtic Tigers"]
[BlackTeam "Cheddleton"]
[WhiteTeamCountry "ENG"]
[BlackTeamCountry "ENG"]

1. e4 e5 2. Nf3 Nc6 3. d4 exd4 4. Nxd4 Nf6 5. Nc3 Bb4 6. Nxc6 bxc6 7. Bd3 0-0 8. 0-0 Re8 9. Qf3 h6 10. a3 Bxc3 11. bxc3 d6 12. Rb1 Ng4 13. Qg3 Qf6 14. f4 Qxc3 15. h3 Nf6 16. Bb2 Qc5+ 17. Kh1 Nh5 18. Qh4 Rb8 19. Bd4 Qxd4 20. Rxb8 Nf6 21. Qf2 Qa4 22. Ra8 c5 23. e5 Nd7 24. exd6 cxd6 25. Rb1 Qxa3 26. Bf5 Qa4 27. Re1 Rf8 28. Re7 Qa1+ 29. Kh2 Nb6 30. Raxa7 Qf6 31. Be4 d5 32. Bd3 Qd6 33. Bb5 Be6 34. Rec7 d4 35. Rc6 Qb8 36. Ra1 Rc8 37. Rxc8+ Nxc8 38. Bc6 Qb2 39. Ra8 d3 40. Be4 dxc2 41. Qxc2 Qb6 42. Bf5 c4 43. Qe4 1-0

[Event "BCF-chTb 1819 (4NCL)"]
[Site "Daventry"]
[Date "2019.01.13"]
[Round "4.67"]
[White "Skulte, Christopher"]
[Black "Golding, Alex"]
[Result "1/2-1/2"]
[WhiteElo "1982"]
[BlackElo "2264"]
[PlyCount "63"]
[EventDate "2018.11.10"]
[EventType "team-tourn"]
[EventRounds "11"]
[EventCountry "ENG"]
[SourceTitle "CBM 188 Extra"]
[Source "ChessBase"]
[SourceDate "2019.02.28"]
[SourceVersion "1"]
[SourceVersionDate "2019.02.28"]
[SourceQuality "1"]
[WhiteTeam "Celtic Tigers"]
[BlackTeam "Guildford II"]
[WhiteTeamCountry "ENG"]
[BlackTeamCountry "ENG"]

1. e4 c5 2. Nf3 a6 3. d4 cxd4 4. Nxd4 e5 5. Nf3 Nf6 6. Bc4 Qc7 7. Qe2 Bc5 8. Bg5 Ng4 9. Bh4 d6 10. h3 Nh6 11. Bg5 Be6 12. Nbd2 Nc6 13. 0-0-0 Na5 14. Kb1 Nxc4 15. Nxc4 f5 16. Bxh6 gxh6 17. exf5 Bxf5 18. Nd4 Bxd4 19. Rxd4 0-0-0 20. Nxe5 Qxc2+ 21. Qxc2+ Bxc2+ 22. Kxc2 dxe5 23. Rxd8+ Kxd8 24. Re1 Rf8 25. f3 Rg8 26. g4 Rf8 27. Re3 Kd7 28. Kd2 Kd6 29. Rc3 h5 30. Ke3 hxg4 31. hxg4 Rf7 32. Rc8 1/2-1/2

[Event "BCF-chT2c 1516 (4NCL)"]
[Site "England"]
[Date "2016.05.01"]
[Round "10.228"]
[White "Verma, Aditya"]
[Black "Skulte, Christopher"]
[Result "0-1"]
[WhiteElo "1915"]
[BlackElo "2011"]
[PlyCount "76"]
[EventDate "2015.11.14"]
[EventType "team-swiss"]
[EventRounds "11"]
[EventCountry "ENG"]
[SourceTitle "EXT 2017"]
[Source "ChessBase"]
[SourceDate "2016.10.25"]
[SourceVersion "1"]
[SourceVersionDate "2016.10.25"]
[SourceQuality "1"]
[WhiteTeam "KJCA Kings"]
[BlackTeam "Celtic Tigers"]
[WhiteTeamCountry "ENG"]
[BlackTeamCountry "ENG"]

1. e4 c5 2. Nf3 e6 3. d4 cxd4 4. Nxd4 Nf6 5. Nc3 Nc6 6. Be2 d5 7. exd5 exd5 8. 0-0 Be7 9. Be3 0-0 10. a3 a6 11. h3 Ne5 12. Nf3 Nxf3+ 13. Bxf3 Be6 14. Ne2 Rc8 15. Nd4 Bd7 16. Re1 Re8 17. Qd3 Bc5 18. b4 Ba7 19. Qb3 Re5 20. Red1 Qe8 21. Qb2 Ba4 22. Bf4 Rc4 23. Bxe5 Qxe5 24. c3 Bxd1 25. Rxd1 Ne4 26. Qe2 Bxd4 27. Bxe4 Qxe4 28. Qxe4 dxe4 29. Rxd4 Rxd4 30. cxd4 Kf8 31. f3 exf3 32. gxf3 Ke7 33. Kf2 Ke6 34. Ke3 Kd5 35. Kd3 b5 36. h4 h5 37. Ke3 f6 38. Kd3 g5 0-1

[Event "BCF-chT2c 1516 (4NCL)"]
[Site "England"]
[Date "2016.04.30"]
[Round "9.228"]
[White "Skulte, Christopher"]
[Black "Moreby, James"]
[Result "0-1"]
[WhiteElo "2011"]
[BlackElo "2008"]
[PlyCount "94"]
[EventDate "2015.11.14"]
[EventType "team-swiss"]
[EventRounds "11"]
[EventCountry "ENG"]
[SourceTitle "EXT 2017"]
[Source "ChessBase"]
[SourceDate "2016.10.25"]
[SourceVersion "1"]
[SourceVersionDate "2016.10.25"]
[SourceQuality "1"]
[WhiteTeam "Celtic Tigers"]
[BlackTeam "North East England"]
[WhiteTeamCountry "ENG"]
[BlackTeamCountry "ENG"]

1. e4 c5 2. Nf3 d6 3. Nc3 Nf6 4. e5 dxe5 5. Nxe5 a6 6. a4 Qc7 7. Nc4 Nc6 8. Be2 Be6 9. b3 g6 10. Bb2 Bg7 11. Bf3 Nd4 12. 0-0 h5 13. Re1 Rd8 14. d3 b5 15. axb5 axb5 16. Nd2 b4 17. Na4 g5 18. Ne4 Nxe4 19. Bxe4 f5 20. Bf3 Bf7 21. Ra2 g4 22. Be2 Be5 23. Bxd4 Bxd4 24. Bf1 h4 25. Re2 g3 26. h3 gxf2+ 27. Kh1 Qg3 28. Nb6 Bh5 29. Ra7 Be5 30. Rxe5 Qxe5 31. Qa1 Qxa1 32. Rxa1 0-0 33. Nc4 Rf6 34. Ra5 Re6 35. g4 fxg4 36. hxg4 Bxg4 37. Rxc5 Rd5 38. Rc8+ Kg7 39. Kg2 Rf5 40. Nd2 Re3 41. Rc4 Rg3+ 42. Kh2 Bf3 43. Rxh4 Rg1 44. Rh3 Bg4 45. Rh4 Rh5 46. Rxh5 Bxh5 47. Bg2 Be2 0-1

[Event "Bunratty Masters op 23rd"]
[Site "Bunratty"]
[Date "2016.02.21"]
[Round "6"]
[White "O'Gorman, Tom"]
[Black "Skulte, Christopher"]
[Result "1/2-1/2"]
[WhiteElo "2067"]
[BlackElo "2011"]
[PlyCount "114"]
[EventDate "2016.02.19"]
[EventType "swiss"]
[EventRounds "6"]
[EventCountry "IRL"]
[SourceTitle "EXT 2017"]
[Source "ChessBase"]
[SourceDate "2016.10.25"]
[SourceVersion "1"]
[SourceVersionDate "2016.10.25"]
[SourceQuality "1"]

1. e4 c5 2. Nf3 e6 3. d4 cxd4 4. Nxd4 Nf6 5. Bd3 Nc6 6. Nxc6 bxc6 7. 0-0 e5 8. c4 Be7 9. Nc3 0-0 10. f4 d6 11. f5 d5 12. Kh1 Ba6 13. cxd5 Bxd3 14. Qxd3 cxd5 15. exd5 Bb4 16. Bg5 Bxc3 17. Bxf6 Qxf6 18. bxc3 e4 19. Qe3 Rac8 20. Rac1 Rc4 21. Rf4 Qe5 22. Qg3 Qxd5 23. f6 g6 24. Rcf1 Rd8 25. Rh4 h5 26. Qe3 Qd3 27. Qf4 Qd2 28. Qe5 Qxc3 29. Qxc3 Rxc3 30. Rxe4 Rc2 31. Rb1 Rxa2 32. h4 Ra6 33. Rf4 Rb6 34. Ra1 a6 35. Rc1 Rdd6 36. Rc8+ Kh7 37. Rf8 Rxf6 38. Rxf7+ Rxf7 39. Rxf7+ Kh6 40. Ra7 Rb1+ 41. Kh2 Ra1 42. g3 Ra2+ 43. Kh3 a5 44. Ra6 a4 45. Ra7 a3 46. Ra6 Kg7 47. Rb6 Ra1 48. Ra6 a2 49. Kg2 Kf7 50. Ra8 Ke6 51. Kh2 Kd5 52. Kg2 Kc4 53. Kh2 Kd3 54. Kg2 Ke4 55. Ra4+ Kd3 56. Ra8 Re1 57. Ra3+ Ke4 1/2-1/2

[Event "Bunratty Masters op 23rd"]
[Site "Bunratty"]
[Date "2016.02.19"]
[Round "1"]
[White "Skulte, Christopher"]
[Black "Pein, Malcolm"]
[Result "0-1"]
[WhiteElo "2011"]
[BlackElo "2357"]
[PlyCount "36"]
[EventDate "2016.02.19"]
[EventType "swiss"]
[EventRounds "6"]
[EventCountry "IRL"]
[SourceTitle "EXT 2017"]
[Source "ChessBase"]
[SourceDate "2016.10.25"]
[SourceVersion "1"]
[SourceVersionDate "2016.10.25"]
[SourceQuality "1"]

1. e4 e5 2. Nf3 Nc6 3. d4 exd4 4. Nxd4 g6 5. Bc4 Bg7 6. c3 Nf6 7. Nxc6 bxc6 8. e5 Nd5 9. Bxd5 cxd5 10. Qxd5 Ba6 11. Bg5 Qxg5 12. Qxa8+ Ke7 13. Qd5 Qc1+ 14. Qd1 Qxb2 15. Nd2 Qxc3 16. Qc1 Qxe5+ 17. Kd1 Be2+ 18. Kc2 Qc3+ 0-1

[Event "London Classic CSC op U2000 7th"]
[Site "London"]
[Date "2015.12.06"]
[Round "5"]
[White "Skulte, Christopher"]
[Black "Pein, Jonathan"]
[Result "1/2-1/2"]
[WhiteElo "1983"]
[BlackElo "1827"]
[PlyCount "42"]
[EventDate "2015.12.04"]
[EventType "swiss"]
[EventRounds "5"]
[EventCountry "ENG"]
[SourceTitle "CBM 169 Extra"]
[Source "ChessBase"]
[SourceDate "2015.12.18"]
[SourceVersion "1"]
[SourceVersionDate "2015.12.18"]
[SourceQuality "1"]

1. e4 e5 2. Nf3 d6 3. d4 exd4 4. Nxd4 Nf6 5. Nc3 g6 6. Be2 Bg7 7. 0-0 0-0 8. Be3 Re8 9. Bg5 h6 10. Bxf6 Qxf6 11. Nb3 Nc6 12. f4 Nd4 13. Bd3 Nxb3 14. axb3 c6 15. Kh1 b5 16. Qf3 Bd7 17. Ra6 b4 18. Ne2 Qxb2 19. Qf2 Rad8 20. Rxa7 f5 21. Qf3 Qf6 1/2-1/2

[Event "London Classic CSC op U2000 7th"]
[Site "London"]
[Date "2015.12.05"]
[Round "2"]
[White "Riding, Mick D"]
[Black "Skulte, Christopher"]
[Result "0-1"]
[WhiteElo "1873"]
[BlackElo "1983"]
[PlyCount "60"]
[EventDate "2015.12.04"]
[EventType "swiss"]
[EventRounds "5"]
[EventCountry "ENG"]
[SourceTitle "CBM 169 Extra"]
[Source "ChessBase"]
[SourceDate "2015.12.18"]
[SourceVersion "1"]
[SourceVersionDate "2015.12.18"]
[SourceQuality "1"]

1. e4 c5 2. Nc3 e6 3. f4 d5 4. Nf3 dxe4 5. Nxe4 Nf6 6. Nxf6+ Qxf6 7. Bb5+ Bd7 8. Qe2 Qxf4 9. d4 Qc7 10. 0-0 Be7 11. Ne5 0-0 12. Bd3 Be8 13. Bf4 Qd8 14. dxc5 Bxc5+ 15. Kh1 Nc6 16. Qe4 g6 17. Ng4 h5 18. Nh6+ Kg7 19. Rad1 Qd4 20. Qe2 Qxb2 21. Rb1 Qd4 22. Rxb7 e5 23. c3 Qd6 24. Bd2 Nd8 25. Rbb1 Rh8 26. Qf3 Rc8 27. Qg3 Rxh6 28. Bxh6+ Kxh6 29. Rbd1 Qe7 30. Bb1 Bc6 0-1

[Event "BCF-chT3S 1415 (4NCL)"]
[Site "England"]
[Date "2015.02.15"]
[Round "6.79"]
[White "Lamont, Richard"]
[Black "Skulte, Christopher"]
[Result "0-1"]
[WhiteElo "1894"]
[BlackElo "1970"]
[PlyCount "100"]
[EventDate "2014.11.15"]
[EventType "team-swiss"]
[EventRounds "6"]
[EventCountry "ENG"]
[SourceTitle "EXT 2016"]
[Source "ChessBase"]
[SourceDate "2015.10.08"]
[SourceVersion "1"]
[SourceVersionDate "2015.10.08"]
[SourceQuality "1"]
[WhiteTeam "Anglian Avengers II"]
[BlackTeam "Celtic Tigers"]
[WhiteTeamCountry "ENG"]
[BlackTeamCountry "ENG"]

1. e4 c5 2. Nf3 e6 3. d4 cxd4 4. Nxd4 Nf6 5. Nc3 Nc6 6. Nxc6 bxc6 7. e5 Nd5 8. Ne4 Qc7 9. Qh5 g6 10. Qg5 Be7 11. Qg3 f5 12. Nd6+ Bxd6 13. exd6 Qb6 14. Bd3 Ba6 15. Bxa6 Qxa6 16. Qh4 0-0 17. Bd2 c5 18. c4 Nf6 19. f3 Qxd6 20. 0-0-0 Qc7 21. Bc3 e5 22. Rhe1 d6 23. Rd2 Rf7 24. h3 Raf8 25. Red1 Ne8 26. Rd5 f4 27. Qe1 Qe7 28. Bxe5 Nf6 29. Bxd6 Qxe1 30. Rxe1 Nxd5 31. Bxf8 Nb4 32. Bxc5 Nd3+ 33. Kd2 Nxc5 34. b4 Nb7 35. Kc3 Kf8 36. c5 a5 37. a3 Re7 38. Rd1 Re3+ 39. Kc4 Ke7 40. b5 Rxa3 41. Rd2 Re3 42. Rc2 Re5 43. Kd4 Ke6 44. c6 Rd5+ 45. Ke4 Nd6+ 46. Kxf4 Rxb5 47. Re2+ Kf6 48. Rd2 Nf5 49. Re2 Rb4+ 50. Re4 g5+ 0-1

[Event "BCF-chT3 1314 (4NCL)"]
[Site "England"]
[Date "2014.05.03"]
[Round "9.110"]
[White "Mallon, Gunnar"]
[Black "Skulte, Christopher"]
[Result "0-1"]
[WhiteElo "1717"]
[BlackElo "1978"]
[PlyCount "52"]
[EventDate "2013.11.16"]
[EventType "team-swiss"]
[EventRounds "11"]
[EventCountry "ENG"]
[SourceTitle "EXT 2015"]
[Source "ChessBase"]
[SourceDate "2014.11.20"]
[SourceVersion "1"]
[SourceVersionDate "2014.11.20"]
[SourceQuality "1"]
[WhiteTeam "BCM Rhinos II"]
[BlackTeam "Celtic Tigers"]
[WhiteTeamCountry "ENG"]
[BlackTeamCountry "ENG"]

1. c4 d5 2. d4 Nc6 3. Nf3 Bg4 4. e3 e5 5. cxd5 Qxd5 6. Be2 exd4 7. exd4 0-0-0 8. Be3 Bb4+ 9. Nc3 Nge7 10. 0-0 Bxc3 11. bxc3 Nf5 12. Bf4 Nd6 13. Qc2 Qe4 14. Qd2 Rhe8 15. Rfe1 Qd5 16. Rac1 f6 17. c4 Qf7 18. Ng5 Qd7 19. Bxg4 Qxg4 20. Rxe8 Rxe8 21. Bxd6 fxg5 22. Bc5 b6 23. d5 Ne5 24. Qe3 bxc5 25. Qxc5 Nf3+ 26. Kh1 Ne1 0-1